عرض عادي
عرض مارك
- Wilmore, Jack H.,
مدخل إسم شخص
001 - رقم الضبط
- حقل الضبط: 38684
003 - معرف رقم الضبط
- حقل الضبط: OSt
005 - تاريخ ووقت أخر عملية
- حقل الضبط: 20131030184801.0
008 - عناصر بيانات ثابتة الطول
- حقل تحكم ثابت الطول: 131030|||a|||||| | ||| d
040 ## - مصدر الفهرسة
- هيئة الفهرسة الأصلية: OSt
- وكالة الكتابة: OSt
100 ## - مدخل -- أسم شخص
- إسم شخص: Wilmore, Jack H.,
- تواريخ مرتبطة بالاسم: 1938-
- عنوان العمل: Physiology of sport and exercise.
670 ## - بيانات المصدر موجوده
- الاستشهاد بالمصدر: Work cat.: (OSt)0: Kenney, W. Larry. 38679, Physiology of sport and exercise /, c2012.
